Desarrollo del niño en contexto

Sábháilte in:
Sonraí bibleagrafaíochta
Príomhchruthaitheoir: Lejarraga, Horacio (Údar)
Formáid: LEABHAR
Teanga:Spáinnis
Foilsithe / Cruthaithe: Buenos Aires Paidós 2004
Eagrán:1a. ed
Sraith:Tramas Sociales, 24
Ábhair:
Clibeanna: Cuir clib leis
Níl clibeanna ann, Bí ar an gcéad duine le clib a chur leis an taifead seo!

MARC

LEADER 00000nam a2200000 a 4500
001 UCK4323
003 CL-VaPUC
008 050603e20040000AG |||||||||||||||||spa|d
020 |a 9501245241 
082 0 4 |a 155.4  |b LEJ  |2 21 
100 |a Lejarraga, Horacio  |e author  |9 576995 
245 1 0 |a Desarrollo del niño en contexto 
250 |a 1a. ed 
300 |a 684 p 
942 |c BK 
945 |d 20050603 00:00:00  |a cmena 
260 |a Buenos Aires  |b Paidós  |c 2004 
650 0 |a Psicología del desarrollo  |9 307541 
650 7 |a DESARROLLO PSICOLOGICO  |2 CL-VaPUC  |9 369936 
650 0 |a Desarrollo mental   |9 313003 
650 0 |a Desarrollo social  |9 264534 
650 0 |a Psicología del niño  |9 307305 
650 0 |a Pediatría  |9 309397 
650 0 |a Desarrollo físico  |9 334273 
583 |a last modification  |c 20050603 00:00:00  |k Rodrigo Vera 
490 0 |a Tramas Sociales, 24 
999 |c 313210  |d 313208 
952 |0 0  |1 0  |4 0  |6 155_400000000000000_LEJ_2004  |7 0  |8 A  |9 384353  |a FDOPOS  |b FDOPOS  |d 2019-11-22  |i 4133218  |o 155.4 LEJ 2004  |p 4133218  |r 2025-01-22  |w 2019-11-22  |y BK  |k MLA